| 000 | 01479nac a22003011u 4500 | ||
|---|---|---|---|
| 010 | _a 2005920774 | ||
| 020 | _a0782144195 (pbk.) | ||
| 035 | _a(OCoLC)ocm61331471 | ||
| 082 | 0 | 0 |
_a005.133 _bH3675 |
| 090 |
_c2002 _d2002 |
||
| 100 | _aHeller, Philip. | ||
| 245 | 1 | 0 |
_aComplete Java 2 certification : _bstudy guide / _cPhilip Heller, Simon Roberts. |
| 250 | _a5th ed. | ||
| 260 |
_aAlameda, Calif. : _bSybex,2005 _c2005. |
||
| 300 |
_axxxii, 526 p. : _bill. ; _c23 cm. + _e1 CD-ROM (4 3/4 in.) |
||
| 500 | _aIncludes index. | ||
| 650 | 0 |
_aElectronic data processing personnel _xCertification. |
|
| 650 | 0 | _aJava (Computer program language) | |
| 650 | 0 |
_aProgramming languages (Electronic computers) _xExaminations _vStudy guides. |
|
| 650 | 0 |
_aComputer software _xExaminations, questions, etc. |
|
| 700 | 1 | _aRoberts, Simon. | |
| 856 | 4 | 2 |
_3Contributor biographical information _uhttp://www.loc.gov/catdir/enhancements/fy0628/2005920774-b.html |
| 856 | 4 | 2 |
_3Publisher description _uhttp://www.loc.gov/catdir/enhancements/fy0628/2005920774-d.html |
| 856 | 4 | 2 |
_3Table of contents only _uhttp://www.loc.gov/catdir/enhancements/fy0628/2005920774-t.html |
| 942 |
_cBB _k005.133H3675 |
||
| 999 |
_c2002 _d2002 |
||